Záchranný výskum v Zlatých Moravciach

Podrobná bibliografia
Hlavný autor: Ďuriš, Jozef, 1976- (Autor)
Médium: Článok
Jazyk:slovenčina
Fyzický popis:Mp. a tab. na s. 12-21, obr. na s. 169-172
ISBN:8088709652
ISSN:0231-925X
Predmet:

MARC

LEADER 00000nab a2200000 a 4500
001 vtls001487801
003 SK-MaSNL
005 20260304135154.0
008 250505t2003 xo ab ||ab ||| ||slo
015 |a SNBRA2005/01  |2 snkbucl 
035 |a (uuid)a3c7ac1a-544e-4469-a3a6-e11b8e833c94 
035 |a urn:nbn:sk:snk-abtu4 
035 |a (urnnbn)urn:nbn:sk:snk:ar-a03xsj 
038 |a SNKBUCL 
040 |a SNKBUCL  |b slo  |c SNKBUCL  |e AACR2 
041 0 |a slo  |b ger 
044 |a xo  |c SK 
080 |a 904:738  |x (437.6)  |x "16/18"  |2 1997 
080 |a 738  |x (437.6)  |x "16/18"  |2 1997 
080 |a 902.2  |x (437.6)  |2 1997 
100 1 |a Ďuriš, Jozef,  |d 1976-  |4 aut  |9 176893 
245 1 0 |a Záchranný výskum v Zlatých Moravciach  |c Jozef Duriš 
300 |b Mp. a tab. na s. 12-21, obr. na s. 169-172 
504 |a Bibliogr. odkazy 
546 |a Res. nem. 
650 0 7 |a sídliská (archeológia)  |z Zlaté Moravce (Slovensko)  |y novovek  |2 snkbucl  |9 70042 
650 0 7 |a keramika  |y novovek  |y Zlaté Moravce (Slovensko)  |2 snkbucl  |9 1454047 
651 7 |a Zlaté Moravce (Slovensko)  |2 snkbucl  |9 31455 
773 0 |t Archeologické výskumy a nálezy na Slovensku v roku 2002  |d Nitra : Archeologický ústav Slovenskej akadémie vied, 2003  |g S. 29-31  |x 0231-925X  |z 8088709652 
850 |a Slovenská národná knižnica 
852 |a Slovenská národná knižnica 
954 |a odborná, vedecká literatúra pôvodná (slovenská)  |2 lita 
958 |a article2022 
958 |a NB 
958 |a OND 
958 |a EUIPO 
999 |c 2909725  |d 2911655